Normal view MARC view
  • A. yusuf ali

Entry Personal Name

Number of records used in: 1

001 - CONTROL NUMBER

  • control field: 47081

003 - CONTROL NUMBER IDENTIFIER

  • control field: NUST

005 - DATE AND TIME OF LATEST TRANSACTION

  • control field: 20210314133719.0

008 - FIXED-LENGTH DATA ELEMENTS

  • fixed length control field: 210314|| aca||aabn | a|a d

040 ## - CATALOGING SOURCE

  • Original cataloging agency: NUST
  • Transcribing agency: NUST

100 ## - HEADING--PERSONAL NAME

  • Personal name: A. yusuf ali

670 ## - SOURCE DATA FOUND

  • Source citation: Work cat.: (NUST): A. yusuf ali., The holy quran, c1968.
© 2023 Central Library, National University of Sciences and Technology. All Rights Reserved.